The last queen/ (Record no. 181315)

000 -LEADER
fixed length control field 00401nam a22001577a 4500
020 ## - INTERNATIONAL STANDARD BOOK NUMBER
ISBN 9789354894152
082 ## - DEWEY DECIMAL CLASSIFICATION NUMBER
Classification number 823
Item number CHI/L
100 ## - MAIN ENTRY--AUTHOR NAME
Personal name Chitra Banerjee Divakaruni
245 ## - TITLE STATEMENT
Title The last queen/
Statement of responsibility, etc by Chitra Banerjee Divakaruni
260 ## - PUBLICATION, DISTRIBUTION, ETC. (IMPRINT)
Place of publication Haryana:
Name of publisher HarperCollins,
Year of publication 2022.
300 ## - PHYSICAL DESCRIPTION
Number of Pages 354p.
650 ## - SUBJECT ADDED ENTRY--TOPICAL TERM
Topical Term Novel English
650 ## - SUBJECT ADDED ENTRY--TOPICAL TERM
Topical Term Literature English
650 ## - SUBJECT ADDED ENTRY--TOPICAL TERM
Topical Term Literature
942 ## - ADDED ENTRY ELEMENTS (KOHA)
Koha item type Book
Holdings
Withdrawn status Lost status Damaged status Not for loan Permanent Location Current Location Shelving location Date acquired Cost, normal purchase price Full call number Accession Number Price effective from Koha item type
        Sree Sankaracharya University of Sanskrit Sree Sankaracharya University of Sanskrit Stacks 24.04.2026 450.00 823 CHI/L 108217 24.04.2026 Book